000 00705nam a2200205Ia 4500
001 50205
003 OSt
005 20160411144625.0
008 140502s9999 xx 000 0 und d
020 _a9693520076
040 _cPK-LaUMT
082 _a 891.4393
_bRAZ-M
100 _aRazia Butt
245 _a(مجموعہ رضیہ بٹ)Majmooah Razia Butt (Urdu)
_b(سبین ، اک لڑکی، ، معاملے دل کے)sabeen, ik larki, muamlay dill kay
_c(رضیہ بٹ)Razia Butt
260 _a(لاہور، پاکستان)Lahore,Pakistan:
_b(سنگ میل پبلیکیشنز)Sang-e-Meel Publications,
_c2007
300 _a976 p.
546 _aUR
650 _aUrdu literature-Novel
942 _cBK
_2ddc
999 _c47867
_d47867